Resident Evil Protagonist Last Names - Statistics

General Stats
  • This quiz has been taken 58 times
  • The average score is 13 of 15
Answer Stats
Hint Answer % Correct
Leon S. Kennedy
100%
Chris Redfield
100%
Ethan Winters
100%
Claire Redfield
98%
Jill Valentine
98%
Albert Wesker
95%
Ada Wong
95%
Rosemary Winters
91%
Grace Ashcroft
86%
Sherry Birkin
84%
Ashley Graham
82%
Rebecca Chambers
80%
Jake Muller
61%
Sheva Alomar
59%
Piers Nivans
48%
No matching quizzes found
Score Distribution
Percent of People with Each Score
Percentile by Number Answered
Your Score History
You have not taken this quiz